00634nam a22001817a 450000500170000001000150001702000300003203500140006203700130007608200150008910000240010424500640012826000380019227001360023030000380036650000260040470000220043020210310122944.0 aENG-129192 a978-93-8999-145-1c695.00 aEN-112724 bDBAD/PUB a345.540268 aBhandari, Abhimanyu aA Critique of the Prevention of Money Laundering Act, 2002/ aHaryana, IndiabLexis Nexisc2021 bGurugaone122002a14th floor, Building No.10, Tower-B, DLF Cyber City, Phase-IIk911244774444l911244774100mhelp.in@lixisnexis.com a327p.c24cm(hbk)bIncluding Index aForward by A.K. Sikri aSharama, Kartika